书目信息 |
| 题名: |
孔丛子译注
|
|
| 作者: | 白冶钢 译注 | |
| 分册: | ||
| 出版信息: | 上海 上海三联书店 2018 |
|
| 页数: | 377页 | |
| 开本: | 21cm | |
| 丛书名: | ||
| 单 册: | ||
| 中图分类: | B229.3 | |
| 科图分类: | ||
| 主题词: | 杂家 | |
| 电子资源: | ||
| ISBN: | 978-7-5426-6300-9 | |
| 000 | 01072nam0 2200277 450 | |
| 001 | 012001012168 | |
| 005 | 20191125170937.53 | |
| 010 | @a978-7-5426-6300-9@dCNY31.80 | |
| 100 | @a20181129d2018 em y0chiy50 ea | |
| 101 | 0 | @achi |
| 102 | @aCN@b310000 | |
| 105 | @ay z 000yy | |
| 106 | @ar | |
| 200 | 1 | @a孔丛子译注@9kong cong zi yi zhu@f白冶钢译注 |
| 205 | @a2版 | |
| 210 | @a上海@c上海三联书店@d2018 | |
| 215 | @a377页@d21cm | |
| 300 | @a国学经典 | |
| 330 | @a本书记载了上自孔子下至孔子第二十三世孙季彦等十六位人物的事迹和言论。全书共七卷二十三篇,一至第五篇记孔子言行,第六至第十篇记子思言行,第十一篇《小尔雅》则是解释词义的训诂学之作,应该是孔氏家学旧有藏书,也正是依靠了《孔丛子》才得以流传至今。第十二至第二十一篇记载子高、子顺、子鱼的言行,第七卷《连丛子》上下篇记载子顺以下的世系、孔臧几篇作品和书信、子建和季彦等人的言行。 | |
| 606 | 0 | @a杂家 |
| 610 | 0 | @a《孔丛子》@x译文 |
| 610 | 0 | @a《孔丛子》@x注释 |
| 690 | @aB229.3@v5 | |
| 701 | 0 | @a白冶钢@9bai ye gang@4译注 |
| 801 | 0 | @aCN@b上海新华@c20191020 |
| 905 | @b1139563-6@dB229.3@e939=2@f4 | |
| 孔丛子译注/白冶钢译注.-2版.-上海:上海三联书店,2018 |
| 377页;21cm |
| 国学经典 |
| ISBN 978-7-5426-6300-9:CNY31.80 |
| 本书记载了上自孔子下至孔子第二十三世孙季彦等十六位人物的事迹和言论。全书共七卷二十三篇,一至第五篇记孔子言行,第六至第十篇记子思言行,第十一篇《小尔雅》则是解释词义的训诂学之作,应该是孔氏家学旧有藏书,也正是依靠了《孔丛子》才得以流传至今。第十二至第二十一篇记载子高、子顺、子鱼的言行,第七卷《连丛子》上下篇记载子顺以下的世系、孔臧几篇作品和书信、子建和季彦等人的言行。 |
| ● |
| 相关链接 |
|
|
|
|
正题名:孔丛子译注
索取号:B229.3/939=2
 
预约/预借
| 序号 | 登录号 | 条形码 | 馆藏地/架位号 | 状态 | 备注 |
| 1 | 1139563 | 211395630 | 第一样本阅览室/ [索取号:B229.3/939=2] | 在馆 | |
| 2 | 1139564 | 211395649 | 第一借阅区/ [索取号:B229.3/939=2] | 在馆 | |
| 3 | 1139565 | 211395658 | 第一借阅区/ [索取号:B229.3/939=2] | 在馆 | |
| 4 | 1139566 | 211395667 | 第一借阅区/ [索取号:B229.3/939=2] | 在馆 |